01839nam a2200373 i 4500001001000000003000900010005001700019008004100036020001500077040003000092041000800122049000900130082002100139100004000160245008900200250002200289264010500311300004300416336002700459337003300486338002800519500002200547500003900569504003400608590002600642650004500668650005700713942001400770952014400784952013200928952013801060952025201198999001501450000007551DO-SdBNP20250905135535.0090909s1999 dr bc 001 0 spa d a8495246007 aDO-SdBNPbspacBNPHUerda hspa aBNPD 4a574.5bH798g2221 aHoppe, Jürgen,eautor4aut.9782210aGuía ecológica :bla costa norte de la República Dominicana /cJürgen Hoppe. aPrimera edición 4aSanto Domingo :bEditora Fundación Manuel de Jesús Tavares Portes, INC.bEditora Educa,c©1999. avolúmen :bmapas, retratos ;c23 cm. atextobtxt2rdacontent asin mediaciónbn2rdamedia avolumenbnc2rdacarrier aIncluye índices aLa biblioteca posee el volúmen 3 aBibliografías : página 76 aInventariado, 2024/BT 4aEcologíazRepública Dominicana96952 4aCosta nortezRepública Dominicana920962vGuías  2ddccLBS1 00102ddc56708DSaBNPHUbBNPHUcCTd2010-03-09l0oBNPHU DS 574.5 H798gp7551-30r2020-06-25te. 3w2020-06-25yLBS1ZPréstamo en sala 00102ddc51708PDaBNPHUbBNPHUcCTd2009-09-09l0oBNPHU PD 574.5 H798gp7551-10r2020-06-25w2020-06-25yLBS1ZNo se presta 00102ddc51708PDaBNPHUbBNPHUcCTd2009-09-09l0oBNPHU PD 574.5 H798gp7551-20r2020-06-25te. 2w2020-06-25yLBS1ZNo se presta 00102ddc56708DSaBNPHUbBNPHUcCTd2024-11-26eDonado por la Presidencia de la República Dominicana 2023.l0oBNPHU DS 574.5 H798gp2024-6689r2024-11-26te.4w2024-11-26yLBS1zPerteneció a la biblioteca personal de Emilio Cordero Michel. c7332d7332